000 00541nam a2200193Ia 4500
005 20250326141229.0
008 250326s9999 xx 000 0 und d
020 _a1-878975-14-5
037 _aTextbook
040 _aFMSL
_beng
_cFMSL
041 _aeng
_2eng
084 _aXogB N3
_qFMSL
100 _aMathis Stephen
_9493961
245 0 _aQuantitative toolkit for economies and fice
_cMathis Stephen; Siegel Lee
260 _aUSA
_bUSA, Kolb
_c1993
300 _a437p
942 _cTB
_hXogB N3
999 _c1289338
_d1289338